Flugzeugflotten Teil 34-EVA Air - Statistiken

Allgemein
  • Dieses Quiz wurde 8 mal gespielt
  • Das Durchschnittsergebnis liegt bei 4 aus 5
Antwortstatistiken
Anzahl Flugzeugtyp % Korrekt
33 Boeing 777-300ER
100%
12 Boeing 787-10
100%
4 Boeing 787-9
100%
9 Airbus A330-300
67%
17 Airbus A321-200
50%
Keine übereinstimmenden Quizze gefunden
Verteilung der Resultate
Anzahl Personen mit jedem Resultat
Perzentil nach korrekt beantworteten Fragen
Ihre Resultats-Entwicklung
Sie haben dieses Quiz noch nicht gespielt